Saze na hrušce vzpomínky nejen na dětství

Bibliographic Details
Main Author: Horníček, Miroslav, 1918-2003 (Author)
Format: Book
Language:Czech
PhysicalDescription:99 s. 21 cm
Published: [Praha] NAVA 1996
Series:Osobnosti
Subjects:

MARC

LEADER 00000nam a2200000 a 4500
001 vtls001379524
003 SK-MaSNL
005 20260302000711.0
008 251113s1996 xr a rb 0 cze
035 |a SNK000333499 
040 |a SNK  |b slo  |c SNK  |e AACR2 
044 |a xr  |c CZ 
080 |a 885.0-94  |2 1981 
080 |a 929 Horníček, M.  |2 1981 
100 1 |a Horníček, Miroslav,  |d 1918-2003  |4 aut  |9 101715 
245 1 |a Saze na hrušce  |b vzpomínky nejen na dětství  |c Miroslav Horníček ; [fotografie Vladimír Radechovský a rodinný archív autora] 
260 |a [Praha]  |b NAVA  |c 1996 
300 |a 99 s.  |c 21 cm 
490 1 |a Osobnosti 
600 1 7 |a Horníček, Miroslav,  |d 1918-2003  |2 SNK  |9 101715 
655 7 |a autobiografie  |2 SNK  |9 70280 
830 0 |a Osobnosti  |9 299975 
999 |c 980713  |d 982643 
952 |t P60, <04>, [BOOK], {604}  |a SNK  |b SNK  |y VYP  |7 0  |p 17A0222439  |o snkID 96561  |i snkK 1187/99  |0 0  |1 0  |4 0  |d 2000-06-26  |l 0  |r 2005-01-02 00:00:00  |w 2026-02-24